| 000 | 01292nam a2200373 c 4500 | ||
|---|---|---|---|
| 001 | 53049 | ||
| 003 | ES-MaCES | ||
| 005 | 20250203132935.0 | ||
| 008 | 240209s2023 sp o000 ||spa d | ||
| 017 |
_aGR 979-2023 _bDL |
||
| 020 | _a9788413695907 | ||
| 040 |
_aES-MaCES _bspa _cES-MaCES |
||
| 100 | 1 |
_940919 _aAlmagro Castro, David |
|
| 245 | 1 | 3 |
_aEl Estado Social en España _b: la larga marcha inacabada _cDavid Almagro Castro |
| 260 |
_aGranada _bComares _c2023 |
||
| 300 |
_a347 p. _c24 cm |
||
| 490 | 1 | _aPublicaciones de la Facultad de Derecho de la Universidad de Sevilla. V Centenario | |
| 504 | _aBibliografía: p. 327-347 | ||
| 541 | _cCompra | ||
| 650 | 4 |
_aEstado-Benefactor _929481 |
|
| 650 | 4 |
_aprotección social _929076 |
|
| 650 | 4 |
_apolítica social _927029 |
|
| 650 | 4 |
_aderechos económicos y sociales _929875 |
|
| 650 | 4 |
_aderecho constitucional _927158 |
|
| 650 | 4 |
_aderecho comparado _929868 |
|
| 650 | 4 |
_aEspaña _926964 |
|
| 650 | 4 |
_ateoría social _927032 |
|
| 650 | 4 |
_ateoría legal _929895 |
|
| 653 | 1 | 0 | _aSeguridad Social |
| 775 | 0 |
_tManual de Derecho del trabajo _w(ES-MaCES)52530 |
|
| 830 | 0 |
_940920 _aPublicaciones de la Facultad de Derecho de la Universidad de Sevilla _pV Centenario |
|
| 902 | _aLIB Libro | ||
| 942 |
_2CES _cBK _h3.0. |
||
| 999 |
_c53049 _d53049 |
||